Statistiques concernant Culture Générale - Série 1443

Cliquez ici pour prendre le quiz!

Statistiques générales

  • Ce quiz a été pris 78 fois
  • Le résultat moyen est 7 sur 10

Statistiques - réponses

QuestionRéponse% Correct
Sur un chantier, quelle machine de levage porte le nom d'un grand oiseau échassier ?grue
92%
Selon l'expression issue de "La Farce de Maître Pathelin", quand on veut reprendre un sujet de conversation, on peut dire "revenons à nos...moutons
92%
En 2009, quel ancien judoka a été nommé secrétaire national en charge de la vie sportive par l'U.M.P. ?David Douillet
88%
Le Liban a deux pays voisins : Israël et...Syrie
84%
Quel indice boursier, publié à partir de 1896, doit son nom aux journalistes Charles Henry Dow et Edward Davis Jones ?Dow Jones
81%
Dans quelle chaîne de montagnes se trouve le sommet appelé Aconcagua ?Andes
74%
Quel anglicisme désigne un disque rassemblant les meilleurs morceaux d'un artiste ?best of
70%
Quel poisson à tête épineuse, aussi appelé "scorpène", est indispensable dans une véritable bouillabaisse ?rascasse
49%
Qui a succédé, en 1977, à Gerald Ford à la présidence des États-Unis ?Jimmy Carter
47%
Dans quel pays se trouve la ville balnéaire et portuaire d'Eilat ?Israël
47%

Distribution des résultats

Percentile par nombre de réponses

% des personnes avec chaque résultat

Votre développement - résultats

Vous n’avez pas pris ce quiz